<?xml version="1.0" encoding="UTF-8"?>
<record
    xmlns:xsi="http://www.w3.org/2001/XMLSchema-instance"
    xsi:schemaLocation="http://www.loc.gov/MARC21/slim http://www.loc.gov/standards/marcxml/schema/MARC21slim.xsd"
    xmlns="http://www.loc.gov/MARC21/slim">

  <leader>02053nam a22002297a 4500</leader>
  <controlfield tag="003">DO-SdBJH</controlfield>
  <controlfield tag="005">20250903145400.0</controlfield>
  <controlfield tag="008">250815b        |||||||| |||| 00| 0 spa d</controlfield>
  <datafield tag="020" ind1=" " ind2=" ">
    <subfield code="a">9788423437450</subfield>
  </datafield>
  <datafield tag="040" ind1=" " ind2=" ">
    <subfield code="a">DO-SdBJH</subfield>
    <subfield code="b">spa</subfield>
    <subfield code="c">DO-SdBJH</subfield>
  </datafield>
  <datafield tag="082" ind1=" " ind2=" ">
    <subfield code="a">302.23 B456i 2024</subfield>
  </datafield>
  <datafield tag="100" ind1=" " ind2=" ">
    <subfield code="a">Ben-Dror Yemini</subfield>
  </datafield>
  <datafield tag="245" ind1=" " ind2=" ">
    <subfield code="a"> La industria de las mentiras : </subfield>
    <subfield code="b">c&#xF3;mo y por qu&#xE9; los medios de comunicaci&#xF3;n y el mundo acad&#xE9;mico mienten sobre el conflicto / </subfield>
    <subfield code="c">Ben-Dror Yemini</subfield>
  </datafield>
  <datafield tag="260" ind1=" " ind2=" ">
    <subfield code="a">Barcelona : </subfield>
    <subfield code="b">Deusto,</subfield>
    <subfield code="c">2024</subfield>
  </datafield>
  <datafield tag="300" ind1=" " ind2=" ">
    <subfield code="a"> 479 p&#xE1;ginas. </subfield>
    <subfield code="b">ilustraci&#xF3;n., gr&#xE1;fica.</subfield>
  </datafield>
  <datafield tag="504" ind1=" " ind2=" ">
    <subfield code="a">Incluye referencias bibliogr&#xE1;ficas e &#xED;ndice</subfield>
  </datafield>
  <datafield tag="520" ind1=" " ind2=" ">
    <subfield code="a">&#xBF;Es Israel culpable de un genocidio palestino? &#xBF;O el causante de que vivamos en un mundo cada vez m&#xE1;s inseguro? Amplios sectores del mundo intelectual y de los medios de comunicaci&#xF3;n suelen responder afirmativamente a estas preguntas, una mentalidad que intoxica a buena parte de la opini&#xF3;n p&#xFA;blica falseando los hechos y distorsionando la realidad de Israel.Desde su creaci&#xF3;n en 1948, la existencia del Estado de Israel ha estado rodeada tanto de amenazas existenciales muy tangibles como de una serie de tergiversaciones y t&#xF3;picos que han sido mayoritariamente aceptados de forma acr&#xED;tica por las sociedades occidentales.Son las creencias s&#xF3;lidamente asentadas en buena parte de la opini&#xF3;n p&#xFA;blica occidental, como que Israel ejerce una forma de apartheid o que el pueblo palestino sufre un genocidio, lo que hace imposible una correcta comprensi&#xF3;n del conflicto &#xE1;rabe-israel&#xED; y, lejos de contribuir a su resoluci&#xF3;n, lo perpet&#xFA;an, en virtud de una mal entendida buena voluntad que muchas veces no es m&#xE1;s que simple desinformaci&#xF3;n.Y es &#xE9;se y no otro el objetivo de este libro: desmontar los bulos m&#xE1;s extendidos y situar en su lugar la cr&#xED;tica razonada a Israel, al margen de la avalancha de "fake news" producida por la industria de las mentiras</subfield>
  </datafield>
  <datafield tag="650" ind1=" " ind2=" ">
    <subfield code="a">Medios de comunicaci&#xF3;n de masas</subfield>
  </datafield>
  <datafield tag="650" ind1=" " ind2=" ">
    <subfield code="a">Cuesti&#xF3;n de Palestina</subfield>
  </datafield>
  <datafield tag="650" ind1=" " ind2=" ">
    <subfield code="a">Desinformaci&#xF3;n</subfield>
  </datafield>
  <datafield tag="942" ind1=" " ind2=" ">
    <subfield code="2">ddc</subfield>
    <subfield code="c">BK</subfield>
    <subfield code="z">3</subfield>
  </datafield>
  <datafield tag="999" ind1=" " ind2=" ">
    <subfield code="c">8415</subfield>
    <subfield code="d">8415</subfield>
  </datafield>
  <datafield tag="952" ind1=" " ind2=" ">
    <subfield code="0">0</subfield>
    <subfield code="1">0</subfield>
    <subfield code="2">ddc</subfield>
    <subfield code="4">0</subfield>
    <subfield code="7">0</subfield>
    <subfield code="8">CG</subfield>
    <subfield code="a">BJHA</subfield>
    <subfield code="b">BJHA</subfield>
    <subfield code="c">GEN</subfield>
    <subfield code="d">2025-08-15</subfield>
    <subfield code="i">25-03349</subfield>
    <subfield code="l">0</subfield>
    <subfield code="o">302.23 B456i 2024</subfield>
    <subfield code="p">25-03349</subfield>
    <subfield code="r">2025-08-15 15:48:49</subfield>
    <subfield code="t">e.1</subfield>
    <subfield code="w">2025-08-15</subfield>
    <subfield code="y">BK</subfield>
  </datafield>
</record>
